Tablas pitagóricas de productos calculados y de pesas, medidas, alquileres, salarios, intereses, cambios, monedas y equivalencias : dispuestas de modo muy expedito para los casos corrientes en las cuentas familiares y para los usos especiales de los industriales, comerciantes, ingenieros, marinos, rentistas y en general de cuantas personas tienen que hacer frecuentes operaciones numéricas / (Record no. 32980)

MARC details
000 -LEADER
campo de control de longitud fija 01179nam a2200229 i 4500
001 - NÚMERO DE CONTROL
campo de control 32980
003 - IDENTIFICADOR DE NÚMERO DE CONTROL
campo de control ES-MaACL
005 - FECHA Y HORA DE LA ÚLTIMA TRANSACCIÓN
campo de control 20251015063049.0
007 - CAMPO FIJO DE DESCRIPCIÓN FÍSICA--INFORMACIÓN GENERAL
campo de control de longitud fija t|
008 - DATOS DE LONGITUD FIJA--INFORMACIÓN GENERAL
campo de control de longitud fija 030131s1907 sp ||||1| spa d
100 1# - ENTRADA PRINCIPAL--NOMBRE DE PERSONA
Nombre de persona Bentabol y Ureta, Horacio,
Fechas asociadas al nombre 1854-1928
9 (RLIN) 27784
245 10 - MENCIÓN DEL TÍTULO
Título Tablas pitagóricas de productos calculados y de pesas, medidas, alquileres, salarios, intereses, cambios, monedas y equivalencias : dispuestas de modo muy expedito para los casos corrientes en las cuentas familiares y para los usos especiales de los industriales, comerciantes, ingenieros, marinos, rentistas y en general de cuantas personas tienen que hacer frecuentes operaciones numéricas /
Mención de responsabilidad, etc. por Horacio Bentabol y Ureta.
250 ## - MENCION DE EDICION
Mención de edición Ed. estereotípica.
260 ## - PUBLICACIÓN, DISTRIBUCIÓN, ETC.
Lugar de publicación, distribución, etc. Madrid :
Nombre del editor, distribuidor, etc. [s.n.],
Fecha de publicación, distribución, etc. 1907 (
Fabricante Imp. de Arróyare, González y Cía)
300 ## - DESCRIPCIÓN FÍSICA
Extensión II, 111 p. ;
Dimensiones 16 cm.
530 ## - NOTA DISPONIBLE DE FORMULARIO FÍSICO ADICIONAL
Nota de formato físico adicional disponible Disponible en formato digital.
650 #7 - PUNTO DE ACCESO ADICIONAL DE MATERIA--TÉRMINO DE MATERIA
Término de materia o nombre geográfico como elemento de entrada Matemáticas-
Subdivisión de forma Tablas
Fuente del encabezamiento o término
9 (RLIN) 161090
852 ## - LOCALIZACIÓN
Ubicación ES-MaACL
Número de control de estantería B-3798
Ubicación en estantería Sala Pardo Bazán
Nota libre Revisado enlace: 1 de junio 2025
856 4# - LOCALIZACIÓN Y ACCESO ELECTRÓNICOS
Identificador Uniforme de Recursos <a href="http://bdh-rd.bne.es/viewer.vm?id=0000097509&page=1 ">http://bdh-rd.bne.es/viewer.vm?id=0000097509&page=1 </a>
Texto de enlace Biblioteca Digital Hispánica
942 ## - ELEMENTOS DE ENTRADA SECUNDARIOS (KOHA)
Fuente del sistema de clasificación o colocación Clasificación decimal universal
Holdings
Estatus retirado Estado de pérdida Estado de daño No para préstamo Colección Biblioteca de origen Biblioteca actual Ubicación en estantería Fecha de adquisición Fuente de adquisición Total de préstamos Signatura topográfica completa Código de barras Visto por última vez Precio de reemplazo Tipo de ítem Koha
        Colección digital Biblioteca del Ateneo de Madrid Biblioteca del Ateneo de Madrid Sala Pardo Bazán 17/01/2008     B-3798 1034275 23/02/2023 23/02/2023 Libro impreso